The adventures of Tom Sawyer / (Record no. 9600)

MARC details
000 -LEADER
fixed length control field 01134nam a22002537a 4500
001 - CONTROL NUMBER
control field 9600
003 - CONTROL NUMBER IDENTIFIER
control field FISKH
005 - DATE AND TIME OF LATEST TRANSACTION
control field 20260128083716.0
008 - FIXED-LENGTH DATA ELEMENTS--GENERAL INFORMATION
fixed length control field 260126b cb ||||| |||| 00| 0 eng d
020 ## - INTERNATIONAL STANDARD BOOK NUMBER
International Standard Book Number 9780143107330
040 ## - CATALOGING SOURCE
Original cataloging agency FISKH
Language of cataloging eng
Transcribing agency FISKH
Modifying agency FISKH
050 ## - LIBRARY OF CONGRESS CALL NUMBER
Classification number PS1306
082 ## - DEWEY DECIMAL CLASSIFICATION NUMBER
Classification number 813.4
100 ## - MAIN ENTRY--PERSONAL NAME
Personal name Twain, Mark
Relator term Author
245 ## - TITLE STATEMENT
Title The adventures of Tom Sawyer /
Statement of responsibility, etc. Mark Twain ; with an introduction and notes by R. Kent Rasmussen
260 ## - PUBLICATION, DISTRIBUTION, ETC.
Place of publication, distribution, etc. New York :
Name of publisher, distributor, etc. Penguin Group ,
Date of publication, distribution, etc. 1876
300 ## - PHYSICAL DESCRIPTION
Extent 233 pages :
Dimensions 20 cm
490 ## - SERIES STATEMENT
Series statement Tom Sawyer
Volume/sequential designation 1
520 ## - SUMMARY, ETC.
Summary, etc. The orphan Tom Sawyer, raised by his aunt, is never out of trouble for long. A mischievous, charming boy (not to mention genius at escaping from trouble), Tom's adventures involve many unwitting bystanders. From one moment to the next, the boy could change into a pirate, or ship's captain - when he's not trying to win Becky Thatcher for a sweetheart, of course. Tom is also a friend of Twain's other beloved boy-hero, Huckleberry Finn.
650 ## - SUBJECT ADDED ENTRY--TOPICAL TERM
Topical term or geographic name entry element American literature
Form subdivision Boys
650 ## - SUBJECT ADDED ENTRY--TOPICAL TERM
Topical term or geographic name entry element Childhood
Form subdivision Children
942 ## - ADDED ENTRY ELEMENTS (KOHA)
Source of classification or shelving scheme Dewey Decimal Classification
Koha item type Books
Suppress in OPAC No
Holdings
Withdrawn status Lost status Source of classification or shelving scheme Damaged status Not for loan Collection Home library Current library Shelving location Date acquired Total Checkouts Full call number Barcode Date last seen Copy number Price effective from Koha item type
    Dewey Decimal Classification     Fiction Footprints International School Library Network Toul Tom Poung Campus Footprints International School Library Network Toul Tom Poung Campus TTP Secondary Fiction Bookshelves 01/26/2026   TWA 813.4 PS1306 2026-0116 01/26/2026 1 01/26/2026 Books